Skład FC Barcelony z finału ligi mistrzów 2015 - Statystyki

Ogólne statystyki
  • Ten quiz został rozwiązany 66 razy
  • Średni wynik to 8 z 11
Statystyki odpowiedzi
Pozycja Piłkarz % Poprawnych
LS Neymar
93%
PS Lionel Messi
91%
N Luis Suarez
86%
BR Marc Andre Ter Stegen
82%
PO Dani Alves
75%
LO Jordi Alba
75%
ŚP Andres Iniesta
73%
ŚPD Sergio Busquets
73%
ŚO Gerard Pique
71%
ŚP Ivan Rakitić
71%
ŚO Javier Mascherano
54%
Nie znaleziono quizów pasujących do podanych kryteriów
Rozkład punktacji
Procent ludzi z każdym wynikiem
Percentyl według liczby udzielonych odpowiedzi
Twoja historia wyników
Nie rozwiązałeś tego quizu